|
|
|
|
| LEADER |
02149nam a2200469 i 4500 |
| 001 |
EBC1899705 |
| 003 |
MiAaPQ |
| 005 |
20200520144314.0 |
| 006 |
m o d | |
| 007 |
cr cnu|||||||| |
| 008 |
150114t20142014dcua ob 000 0 eng d |
| 020 |
|
|
|z 9781616355784
|
| 020 |
|
|
|a 9781484362501
|q (electronic bk.)
|
| 035 |
|
|
|a (MiAaPQ)EBC1899705
|
| 035 |
|
|
|a (Au-PeEL)EBL1899705
|
| 035 |
|
|
|a (CaPaEBR)ebr11001054
|
| 035 |
|
|
|a (CaONFJC)MIL682312
|
| 035 |
|
|
|a (OCoLC)898771122
|
| 040 |
|
|
|a MiAaPQ
|b eng
|e rda
|e pn
|c MiAaPQ
|d MiAaPQ
|
| 050 |
|
4 |
|a HG3891
|b .V584 2014
|
| 082 |
0 |
|
|a 332.820971
|2 23
|
| 100 |
1 |
|
|a Vitek, Francis,
|e author.
|
| 245 |
1 |
0 |
|a Policy and spillover analysis in the world economy :
|b a panel dynamic stochastic general equilibrium approach /
|c Francis Vitek.
|
| 264 |
|
1 |
|a Washington, District of Columbia :
|b International Monetary Fund,
|c 2014.
|
| 264 |
|
4 |
|c 2014
|
| 300 |
|
|
|a 1 online resource (96 pages) :
|b color illustrations.
|
| 336 |
|
|
|a text
|2 rdacontent
|
| 337 |
|
|
|a computer
|2 rdamedia
|
| 338 |
|
|
|a online resource
|2 rdacarrier
|
| 490 |
1 |
|
|a IMF Working Paper ;
|v WP14/200
|
| 504 |
|
|
|a Includes bibliographical references.
|
| 588 |
|
|
|a Description based on online resource; title from PDF title page (ebrary, viewed January 14, 2015).
|
| 590 |
|
|
|a Electronic reproduction. Ann Arbor, MI : ProQuest, 2015. Available via World Wide Web. Access may be limited to ProQuest affiliated libraries.
|
| 650 |
|
0 |
|a Capital movements
|x Econometric models.
|
| 650 |
|
0 |
|a Monetary policy
|x Econometric models.
|
| 650 |
|
0 |
|a Fiscal policy
|x Econometric models.
|
| 650 |
|
0 |
|a Business cycles
|x Econometric models.
|
| 655 |
|
4 |
|a Electronic books.
|
| 776 |
0 |
8 |
|i Print version:
|a Vitek, Francis.
|t Policy and spillover analysis in the world economy : a panel dynamic stochastic general equilibrium approach.
|d Washington, District of Columbia : International Monetary Fund, c2014
|h 95 pages
|k IMF working paper ; WP14/200.
|z 9781616355784
|
| 797 |
2 |
|
|a ProQuest (Firm)
|
| 830 |
|
0 |
|a IMF working paper ;
|v WP14/200.
|
| 856 |
4 |
0 |
|u https://ebookcentral.proquest.com/lib/matrademy/detail.action?docID=1899705
|z Click to View
|